| 000 | 00935cam a2200313 a 4500 | ||
|---|---|---|---|
| 999 |
_c9041 _d9041 |
||
| 001 | 9041 | ||
| 003 | BD - JhCC | ||
| 005 | 20221025134021.0 | ||
| 008 | 880808s1966 enk 001 0 eng d | ||
| 035 | _a(BD - JhCC)9041 | ||
| 035 | _aDX155861=U | ||
| 040 |
_aVA _cVA _dUkOxU _dBD - JhCC |
||
| 041 | _aeng | ||
| 082 |
_bFER 1966 _a851.1 |
||
| 099 | 2 | _a*ML ID - 7 - G6 | |
| 099 | 2 | _a*ML ID - 8D - G6 | |
| 100 | 1 | _aFergusson, Francis. | |
| 245 | 1 | 0 |
_aDante / _cFrancis Fergusson. |
| 260 |
_aLondon : _bWeidenfeld & Nicolson, _c1966. |
||
| 300 |
_ax, 214 p. ; _c22 cm. |
||
| 490 | 1 | _aMasters of world literature | |
| 500 | _aIndex: p. [209]-214. | ||
| 504 | _aBibliography: p. [201]-208. | ||
| 600 | 0 | 0 |
_aDante Alighieri, _d1265-1321. |
| 600 | 0 | 0 |
_aDante Alighieri, _d1265-1321. _tDivina commedia. |
| 830 | 0 | _aMasters of world literature. | |
| 942 |
_2ddc _cBK _01 |
||